000
00348nam a2200157Ia 4500
100
_a
Behringer/Michael H
650
_a
Computers
942
_c
BK
366
_f
15
654
_a
MPL
245
_a
MPLS VPN Security-Cisco systems
260
_b
Pearson Education
_a
Mumbai
_c
2006
082
_a
005.8/SIN
_b
SIN
300
_a
285
546
_a
ENGLISH
999
_c
32615
_d
32615